00466nam a2200169Ia 4500008004100000040001900041041001200060082002100072100001900093245004000112260003200152300002400184504001900208650003300227651002600260850001000286131103s9999 xx 000 0 und d aLoreto College aEnglish a371.1/HIGbLCLIB aHighet,Gilbert 4aThe art of teachingcGilbert Highet aLondonbMethuen & Co.c1951 axvi,266 p. c 8 cm. areprinted 1959 aSchools and their activities aTeachers and Teaching aLCLIB